000 00421cam a2200169ua 4500
020 _c2.50
041 _amal
_h
082 _a590
_bPIL/MR
100 _aPillai, Koothattukulam .
245 _aMrigasalayil, Vol 2 /
_cKoothattukulam Pillai.
_hTextual Documents
260 _aKottayam :
_bNational Book Stall ,
_c1963.
300 _a180 ; .
365 _a2.50
504 _a
942 _cBK
999 _c5978
_d5978